000 00348cam a2200145ua 4500
003 OSt
008 240115b |||||||| |||| 00| 0 eng d
041 _amal
082 _a894.812308
_bSAN/GY
100 _aSankaraKurup, G.
_94808
245 _aG yum sahityavum /
260 _aThrissur :
_bCurrent Books ,
_c1963.
300 _a312 ; .
942 _cBK
999 _c4844
_d4844